000 00678nac a22001811u 4500
082 _a658.4
_bDIC
090 _c6964
_d6964
100 _aDickinson, Brian
245 _aRisk-free business re-engineering :
_bHow to slice through traditional organizational structures to best benefit you. Your business, And Your Customers/
_cBrian Dickinson
260 _aNew Delhi:
_bJacio Pub.,2004
_c2004
300 _a300p.:
_bill.;
_c23 cm.
500 _adistributer: Al-Ahram
511 _acatalogued by: wessam
650 _aindustrial management
650 _aconflict management
650 _aorganizational behaviour
942 _cBB
_k658.4DIC
999 _c6964
_d6964